Famous Missuses - Statistics

General Stats
  • This quiz has been taken 26,767 times
    17,437 since last reset
  • The average score is 12 of 20
Answer Stats
Clue Missus % Correct
Santa's wife Mrs. Claus
95%
Kermit's girlfriend Miss Piggy
92%
Robin Williams movie Mrs. Doubtfire
88%
Sat on a tuffet Miss Muffet
84%
Good golly! Miss Molly
77%
Angelina's role opposite Brad Pitt Mrs. Smith
76%
Popular 1980s arcade game Ms. Pac-Man
73%
She is driven by Morgan Freeman Miss Daisy
69%
Song from "The Graduate" Mrs. Robinson
68%
Sandra Bullock movie Miss Congeniality
67%
Musical set in Vietnam Miss Saigon
55%
The red piece in the game Clue Miss Scarlet
55%
M's secretary who has a crush on Bond Miss Moneypenny
46%
Syrup brand Mrs. Butterworth
39%
Bart Simpson's teacher Mrs. Krabappel
36%
Cookie store in the mall Mrs. Fields
35%
Etiquette columnist Judith Martin Miss Manners
28%
Brand of seasoning Mrs. Dash
27%
I apologize a trillion times Ms. Jackson
25%
Jilted bride from "Great Expectations" Miss Havisham
21%
No matching quizzes found
Score Distribution
Percent of People with Each Score
Percentile by Number Answered
Your Score History
You have not taken this quiz since the last reset